[Event "Torino SST Junior-Senior (giallo)"]
[Site "Torino"]
[Date "2012.02.24"]
[Round "5"]
[White "Gallo, Ivan"]
[Black "Spatola, Davide"]
[Result "1-0"]
[WhiteElo "1631"]
[BlackElo "2024"]
[PlyCount "81"]
[EventDate "2011.10.20"]
[EventType "schev"]
[EventRounds "8"]
[EventCountry "ITA"]
[SourceTitle "EXT 2018"]
[Source "ChessBase"]
[SourceDate "2017.10.13"]
[SourceVersion "1"]
[SourceVersionDate "2017.10.13"]
[SourceQuality "1"]

1. e4 c6 2. d4 d5 3. exd5 cxd5 4. Nf3 Nf6 5. Be2 e6 6. 0-0 Be7 7. Bf4 Nc6 8. c3 0-0 9. Nbd2 a6 10. Bd3 b5 11. a3 Bb7 12. Bg5 Qc7 13. Re1 Rfe8 14. Ne5 Nxe5 15. dxe5 Nd7 16. Bxe7 Rxe7 17. f4 Rd8 18. Qh5 Nf8 19. Nf3 Qb6+ 20. Kh1 a5 21. Nd4 b4 22. Qg5 Rdd7 23. f5 h6 24. Qg4 f6 25. exf6 exf5 26. fxe7 fxg4 27. e8Q bxc3 28. bxc3 Rd8 29. Qe2 Rc8 30. Rac1 h5 31. Qe5 Rc7 32. Nf5 d4 33. Ne7+ Rxe7 34. Qxe7 Qb2 35. Qe2 Qxa3 36. Qe5 Qa2 37. Be4 Bxe4 38. Qxe4 dxc3 39. Rxc3 Qd2 40. Qc4+ Kh8 41. Rce3 1-0

[Event "Torino SST Junior-Senior (giallo)"]
[Site "Torino"]
[Date "2012.01.19"]
[Round "4"]
[White "Spatola, Davide"]
[Black "Bullita, Simone"]
[Result "1-0"]
[WhiteElo "2024"]
[BlackElo "1694"]
[PlyCount "97"]
[EventDate "2011.10.20"]
[EventType "schev"]
[EventRounds "8"]
[EventCountry "ITA"]
[SourceTitle "EXT 2018"]
[Source "ChessBase"]
[SourceDate "2017.10.13"]
[SourceVersion "1"]
[SourceVersionDate "2017.10.13"]
[SourceQuality "1"]

1. e4 e6 2. d3 d5 3. Nd2 Nf6 4. g3 c5 5. Bg2 Be7 6. Ngf3 0-0 7. 0-0 Nc6 8. Re1 b5 9. a4 b4 10. b3 a5 11. Bb2 Qc7 12. Qe2 d4 13. Nc4 Nd7 14. Nfd2 Nce5 15. Nxe5 Nxe5 16. f4 Nd7 17. Rf1 Bb7 18. Rae1 f6 19. Bh3 e5 20. Be6+ Kh8 21. Qg4 Nb6 22. fxe5 Qxe5 23. Nf3 Qc7 24. Nh4 g5 25. Nf5 Bc8 26. Bxc8 Nxc8 27. h4 Rg8 28. Bc1 gxh4 29. Qxh4 Rg6 30. Re2 Bd6 31. Nxd6 Qxd6 32. Bf4 Qe6 33. Rh2 Ra7 34. Qh5 Rag7 35. Rff2 Qe7 36. Qd5 Nb6 37. Qf5 Nd7 38. Rh5 Ne5 39. Qc8+ Rg8 40. Qh3 Ng4 41. Re2 Ne5 42. Kg2 Qg7 43. Re1 Ng4 44. Rh1 Ne3+ 45. Kf3 h6 46. Rxh6+ Rxh6 47. Bxh6 Qg4+ 48. Qxg4 Nxg4 49. Bf8+ 1-0

[Event "Torino-ch"]
[Site "Torino "]
[Date "2010.12.04"]
[Round "6"]
[White "Spatola, Davide"]
[Black "Fabbri, Mario"]
[Result "0-1"]
[WhiteElo "2022"]
[BlackElo "2183"]
[PlyCount "68"]
[EventDate "2010.11.08"]
[EventType "swiss"]
[EventRounds "7"]
[EventCountry "ITA"]
[SourceTitle "EXT 2012"]
[Source "ChessBase"]
[SourceDate "2011.11.24"]
[SourceVersion "1"]
[SourceVersionDate "2011.11.24"]
[SourceQuality "1"]

1. d4 d5 2. Nf3 Nf6 3. Bg5 c6 4. e3 Qb6 5. Qc1 Nbd7 6. Nbd2 h6 7. Bf4 Nh5 8. Bd3 Nxf4 9. exf4 Qc7 10. Ne5 Nxe5 11. fxe5 Bd7 12. b4 a5 13. a3 axb4 14. axb4 Rxa1 15. Qxa1 e6 16. c3 Be7 17. 0-0 0-0 18. f4 b6 19. Rb1 f6 20. Rb2 fxe5 21. fxe5 c5 22. bxc5 bxc5 23. Ra2 cxd4 24. cxd4 Bb4 25. Ra7 Qb6 26. Ra6 Qc7 27. Ra7 Qb8 28. Rxd7 Bxd2 29. Qa6 Be3+ 30. Kh1 Qb2 31. Qxe6+ Kh8 32. h4 Qf2 33. Kh2 Bf4+ 34. Kh1 Qe1+ 0-1

[Event "Torino Sada op"]
[Site "Torino"]
[Date "2008.10.13"]
[Round "5"]
[White "Tomanin, Roberto"]
[Black "Spatola, Davide"]
[Result "0-1"]
[WhiteElo "1602"]
[BlackElo "2051"]
[PlyCount "62"]
[EventDate "2008.09.15"]
[EventType "swiss"]
[EventRounds "7"]
[EventCountry "ITA"]
[SourceTitle "EXT 2018"]
[Source "ChessBase"]
[SourceDate "2017.10.13"]
[SourceVersion "1"]
[SourceVersionDate "2017.10.13"]
[SourceQuality "1"]

1. d4 Nf6 2. Bf4 d5 3. e3 c6 4. c3 Nbd7 5. Bd3 g6 6. Nf3 Bg7 7. Nbd2 e6 8. Bg5 h6 9. Bh4 0-0 10. Ne5 Qb6 11. Qc2 Nxe5 12. dxe5 Nd7 13. Be7 Re8 14. Bd6 Nxe5 15. Bxe5 Bxe5 16. Bxg6 fxg6 17. Qxg6+ Kf8 18. Qxh6+ Bg7 19. Qf4+ Kg8 20. Rb1 e5 21. Qh4 Qa6 22. Nf3 Bf5 23. Ra1 Rad8 24. Qh5 Qd3 25. Rd1 Bg6 26. Qg5 Qf5 27. Qg3 Bh5 28. h3 c5 29. 0-0 Bxf3 30. gxf3 Re6 31. e4 Qh5 0-1

[Event "Torino Sada op"]
[Site "Torino"]
[Date "2008.10.06"]
[Round "4"]
[White "Spatola, Davide"]
[Black "Fassio, Luca"]
[Result "1/2-1/2"]
[WhiteElo "2051"]
[BlackElo "2081"]
[PlyCount "99"]
[EventDate "2008.09.15"]
[EventType "swiss"]
[EventRounds "7"]
[EventCountry "ITA"]
[SourceTitle "EXT 2018"]
[Source "ChessBase"]
[SourceDate "2017.10.13"]
[SourceVersion "1"]
[SourceVersionDate "2017.10.13"]
[SourceQuality "1"]

1. d4 g6 2. Nf3 Bg7 3. c3 d6 4. e4 Nf6 5. Nbd2 0-0 6. Be2 Nc6 7. 0-0 e5 8. dxe5 dxe5 9. Re1 Qe7 10. Bf1 h6 11. Qc2 a6 12. a4 Nh5 13. b3 Be6 14. Ba3 Qf6 15. Bxf8 Bxf8 16. Bc4 Bg4 17. h3 Bd7 18. b4 Nf4 19. Bf1 Ne7 20. Kh2 g5 21. Ng1 Neg6 22. Nc4 Re8 23. Ne3 Bd6 24. g3 Nh5 25. Rad1 Ng7 26. Rd2 h5 27. Nc4 Re6 28. Nxd6 Rxd6 29. Rxd6 Qxd6 30. Rd1 Qe6 31. b5 axb5 32. axb5 h4 33. Qd2 hxg3+ 34. fxg3 Be8 35. Qxg5 Qb3 36. Rd8 Qxc3 37. h4 Kf8 38. h5 Ne6 39. Qh6+ Ke7 40. Rd3 Qe1 41. Rf3 Nd4 42. Qg5+ Kf8 43. hxg6 Nxf3+ 44. Nxf3 Qxf1 45. g7+ Kg8 46. Nh4 Qe2+ 47. Ng2 f6 48. Qxf6 Qh5+ 49. Kg1 Qd1+ 50. Kh2 1/2-1/2

[Event "Torino Sada op"]
[Site "Torino"]
[Date "2008.09.22"]
[Round "2"]
[White "Spatola, Davide"]
[Black "Faraoni, Enrico"]
[Result "1-0"]
[WhiteElo "2051"]
[BlackElo "2117"]
[PlyCount "59"]
[EventDate "2008.09.15"]
[EventType "swiss"]
[EventRounds "7"]
[EventCountry "ITA"]
[SourceTitle "EXT 2018"]
[Source "ChessBase"]
[SourceDate "2017.10.13"]
[SourceVersion "1"]
[SourceVersionDate "2017.10.13"]
[SourceQuality "1"]

1. c4 g6 2. Nc3 Bg7 3. g3 d6 4. Bg2 f5 5. d3 Nf6 6. e4 c6 7. Nge2 0-0 8. 0-0 e5 9. Rb1 a5 10. a3 Kh8 11. Qe1 Na6 12. b4 axb4 13. axb4 f4 14. gxf4 Nh5 15. fxe5 dxe5 16. Qd2 Nc7 17. b5 Ne6 18. bxc6 bxc6 19. Qc2 Qh4 20. f3 Ra5 21. Be3 Nd4 22. Qd2 Nf4 23. Nxf4 exf4 24. Bf2 Qh3 25. Nb5 cxb5 26. Qxa5 Nxf3+ 27. Bxf3 Qxf3 28. Bc5 Qxd3 29. Qa8 Bh3 30. Bxf8 1-0

[Event "Imperia op-A 50th"]
[Site "Imperia"]
[Date "2008.09.06"]
[Round "8"]
[White "Spatola, Davide"]
[Black "Gardini, Enrico"]
[Result "1/2-1/2"]
[WhiteElo "2051"]
[BlackElo "1896"]
[PlyCount "61"]
[EventDate "2008.08.31"]
[EventType "swiss"]
[EventRounds "9"]
[EventCountry "ITA"]
[SourceTitle "MCD"]
[Source "ChessBase"]
[SourceDate "1999.07.01"]
[SourceVersion "1"]
[SourceVersionDate "1999.07.01"]
[SourceQuality "1"]

1. Nf3 Nf6 2. g3 b6 3. Bg2 Bb7 4. b3 d5 5. Bb2 e6 6. d3 Be7 7. Nbd2 0-0 8. 0-0 c5 9. Ne5 Nbd7 10. Nxd7 Qxd7 11. e4 dxe4 12. dxe4 Rad8 13. Bc1 Qd4 14. Rb1 Nxe4 15. Qf3 Nxd2 16. Qxb7 Rd7 17. Bb2 Nxb1 18. Bxd4 Rxb7 19. Bxb7 cxd4 20. Rxb1 Bb4 21. f3 Rd8 22. Ba6 Bc3 23. Kg2 Rd5 24. Bd3 h6 25. f4 Kf8 26. a4 Ke7 27. Rf1 f6 28. Rf2 Rd7 29. Re2 Kd6 30. Kf3 e5 31. f5 1/2-1/2

[Event "Imperia op-A 50th"]
[Site "Imperia"]
[Date "2008.09.04"]
[Round "6"]
[White "Dritsakos, Alessio"]
[Black "Spatola, Davide"]
[Result "1-0"]
[WhiteElo "1848"]
[BlackElo "2051"]
[PlyCount "43"]
[EventDate "2008.08.31"]
[EventType "swiss"]
[EventRounds "9"]
[EventCountry "ITA"]
[SourceTitle "MCD"]
[Source "ChessBase"]
[SourceDate "1999.07.01"]
[SourceVersion "1"]
[SourceVersionDate "1999.07.01"]
[SourceQuality "1"]

1. e4 c6 2. d4 d5 3. Nc3 dxe4 4. Nxe4 Nf6 5. Ng3 Bg4 6. Be2 Bxe2 7. N1xe2 e6 8. Bf4 Nd5 9. Bd2 Bd6 10. Ne4 Be7 11. Nf4 0-0 12. 0-0 Nd7 13. Nxd5 exd5 14. Ng3 Bf6 15. Qg4 g6 16. Nh5 Bg7 17. Nxg7 Kxg7 18. Rfe1 f5 19. Qf4 Qb8 20. Re7+ Rf7 21. Qh6+ Kg8 22. Rxf7 1-0

[Event "Imperia op-A 50th"]
[Site "Imperia"]
[Date "2008.09.03"]
[Round "4"]
[White "Ornati, Gianmaria"]
[Black "Spatola, Davide"]
[Result "0-1"]
[WhiteElo "1927"]
[BlackElo "2051"]
[PlyCount "69"]
[EventDate "2008.08.31"]
[EventType "swiss"]
[EventRounds "9"]
[EventCountry "ITA"]
[SourceTitle "MCD"]
[Source "ChessBase"]
[SourceDate "1999.07.01"]
[SourceVersion "1"]
[SourceVersionDate "1999.07.01"]
[SourceQuality "1"]

1. d4 Nf6 2. c4 c5 3. d5 b5 4. cxb5 a6 5. f3 e6 6. e4 axb5 7. Bxb5 Qb6 8. Nc3 Bb7 9. Bc4 Qb4 10. Qb3 exd5 11. Qxb4 cxb4 12. Nxd5 Bxd5 13. exd5 Ra5 14. Bf4 d6 15. 0-0-0 Be7 16. Kb1 Kd7 17. Ne2 Rc8 18. Bb3 Na6 19. Rd4 Nc5 20. Bc2 b3 21. Bf5+ Kd8 22. a3 Ncd7 23. Bd2 Rxd5 24. Rxd5 Nxd5 25. Rc1 g6 26. Rxc8+ Kxc8 27. Bxd7+ Kxd7 28. Nd4 Bf6 29. Nxb3 Be5 30. g3 f5 31. Kc2 Kc6 32. Kd3 Bxb2 33. Nd4+ Kb6 34. a4 Ba3 35. Nb5 0-1

[Event "Imperia op-A 50th"]
[Site "Imperia"]
[Date "2008.09.01"]
[Round "2"]
[White "Ahner, Thomas"]
[Black "Spatola, Davide"]
[Result "1/2-1/2"]
[WhiteElo "2144"]
[BlackElo "2051"]
[PlyCount "84"]
[EventDate "2008.08.31"]
[EventType "swiss"]
[EventRounds "9"]
[EventCountry "ITA"]
[SourceTitle "MCD"]
[Source "ChessBase"]
[SourceDate "1999.07.01"]
[SourceVersion "1"]
[SourceVersionDate "1999.07.01"]
[SourceQuality "1"]

1. e4 c6 2. d4 d5 3. Nc3 dxe4 4. Nxe4 Nf6 5. Ng5 h6 6. N5f3 Bf5 7. Ne5 e6 8. g4 Be4 9. f3 Bh7 10. Be3 Nbd7 11. Nxd7 Qxd7 12. Bd3 Bxd3 13. Qxd3 Nd5 14. Ne2 Bd6 15. 0-0-0 0-0-0 16. Kb1 Qc7 17. c4 Nxe3 18. Qxe3 Rhe8 19. c5 Bf8 20. f4 f6 21. h4 e5 22. dxe5 Rxd1+ 23. Rxd1 fxe5 24. f5 Qf7 25. Nc3 h5 26. Ne4 hxg4 27. Qg5 g3 28. f6 gxf6 29. Nxf6 Re6 30. Ne4 Be7 31. Qxg3 Qg6 32. Qd3 Kb8 33. Ka1 Bxh4 34. Qd7 Qe8 35. Qh7 Bd8 36. Rg1 Re7 37. Qh6 a5 38. Rf1 Qd7 39. Nd6 e4 40. Qf4 Bc7 41. Qf8+ Qd8 42. Qxd8+ Bxd8 1/2-1/2

[Event "Turin olympic op-A"]
[Site "Turin"]
[Date "2006.05.27"]
[Round "7"]
[White "Spatola, Davide"]
[Black "Llupa, Oltjon"]
[Result "1-0"]
[WhiteElo "2116"]
[BlackElo "1995"]
[PlyCount "79"]
[EventDate "2006.05.22"]
[EventType "swiss"]
[EventRounds "9"]
[EventCountry "ITA"]
[SourceTitle "EXT 2011"]
[Source "ChessBase"]
[SourceDate "2010.11.26"]
[SourceVersion "1"]
[SourceVersionDate "2010.11.26"]
[SourceQuality "1"]

1. d4 d5 2. Nf3 c6 3. c3 Bg4 4. Nbd2 Nf6 5. Qc2 h6 6. Ne5 Nbd7 7. Nxg4 Nxg4 8. Qf5 Ngf6 9. e4 e6 10. Qf4 dxe4 11. Nxe4 Be7 12. Nd6+ Bxd6 13. Qxd6 Qb6 14. Bc4 0-0-0 15. 0-0 g5 16. a4 a5 17. Rb1 Nd5 18. Qa3 N7f6 19. Re1 Qc7 20. b4 axb4 21. cxb4 Ng4 22. g3 h5 23. Bxg5 Rdg8 24. Bh4 Nf4 25. b5 Nh3+ 26. Kf1 Nhxf2 27. bxc6 Qxc6 28. Bxe6+ Kb8 29. Bxg4 Nxg4 30. Kg1 Re8 31. Be7 h4 32. Rb5 hxg3 33. Bd6+ Kc8 34. Rc1 gxh2+ 35. Bxh2 Re1+ 36. Rxe1 Nxh2 37. Rc1 Rg8+ 38. Kxh2 Rh8+ 39. Kg3 Rg8+ 40. Kf4 1-0

[Event "Turin olympic op-A"]
[Site "Turin"]
[Date "2006.05.24"]
[Round "3"]
[White "Banchio, Davide"]
[Black "Spatola, Davide"]
[Result "1-0"]
[WhiteElo "1931"]
[BlackElo "2116"]
[PlyCount "73"]
[EventDate "2006.05.22"]
[EventType "swiss"]
[EventRounds "9"]
[EventCountry "ITA"]
[SourceTitle "EXT 2011"]
[Source "ChessBase"]
[SourceDate "2010.11.26"]
[SourceVersion "1"]
[SourceVersionDate "2010.11.26"]
[SourceQuality "1"]

1. e4 d6 2. d4 Nf6 3. Nc3 g6 4. Nf3 Bg7 5. h3 c6 6. a4 a5 7. Be3 Qc7 8. Qd2 0-0 9. Be2 Na6 10. 0-0 Nb4 11. Rad1 e5 12. dxe5 dxe5 13. Bc5 Re8 14. Bd6 Qb6 15. Bxe5 Be6 16. Bxf6 Bxf6 17. e5 Rad8 18. Qc1 Be7 19. Ne4 Kg7 20. Nfg5 Bf5 21. c3 Na6 22. Bc4 Rf8 23. Nf6 Qc5 24. Qf4 Nc7 25. Nfxh7 Rxd1 26. Rxd1 Rh8 27. g4 Rxh7 28. Nxh7 Ne6 29. Bxe6 Bxe6 30. Nf6 b5 31. axb5 Qxb5 32. g5 Qe2 33. Ra1 Qxb2 34. Rxa5 Qxc3 35. Ra8 Bf8 36. Qh4 Qe1+ 37. Kg2 1-0

[Event "Turin olympic op-A"]
[Site "Turin"]
[Date "2006.05.23"]
[Round "2"]
[White "Spatola, Davide"]
[Black "D'Amico, Antonino"]
[Result "1/2-1/2"]
[WhiteElo "2116"]
[BlackElo "1901"]
[PlyCount "94"]
[EventDate "2006.05.22"]
[EventType "swiss"]
[EventRounds "9"]
[EventCountry "ITA"]
[SourceTitle "EXT 2011"]
[Source "ChessBase"]
[SourceDate "2010.11.26"]
[SourceVersion "1"]
[SourceVersionDate "2010.11.26"]
[SourceQuality "1"]

1. d4 Nf6 2. Bg5 e6 3. e4 Be7 4. Bxf6 Bxf6 5. e5 Be7 6. Bd3 d6 7. Nf3 c5 8. dxc5 Qa5+ 9. Nc3 dxe5 10. Nxe5 Qxc5 11. Nc4 0-0 12. 0-0 Nd7 13. Ne4 Qc7 14. Re1 Nc5 15. Nxc5 Bxc5 16. Re5 Be7 17. Qf3 f5 18. Rae1 Bf6 19. R5e2 Rb8 20. c3 b5 21. Na3 a6 22. Nc2 g6 23. Qe3 e5 24. Nb4 Bb7 25. Bc2 Rbd8 26. Nd3 Rfe8 27. Nc5 f4 28. Bb3+ Bd5 29. Bxd5+ Rxd5 30. Nxa6 Qc4 31. Qe4 Qxe4 32. Rxe4 Rd2 33. Rb4 Ra8 34. Nc7 Rxa2 35. Rb1 e4 36. Nxb5 e3 37. fxe3 fxe3 38. Kf1 Rf2+ 39. Kg1 Rd2 40. Nd4 e2 41. Re1 Raxb2 42. Rxb2 Bxd4+ 43. cxd4 Rxb2 44. Kf2 Rd2 45. Ke3 Rd1 46. Rxe2 Kf7 47. Rd2 Re1+ 1/2-1/2

[Event "Imperia op-A 47th"]
[Site "Imperia"]
[Date "2005.09.02"]
[Round "7"]
[White "De Marco, Walter"]
[Black "Spatola, Davide"]
[Result "0-1"]
[WhiteElo "2055"]
[BlackElo "2102"]
[PlyCount "94"]
[EventDate "2005.08.28"]
[EventType "swiss"]
[EventRounds "9"]
[EventCountry "ITA"]
[SourceTitle "EXT 2007"]
[Source "ChessBase"]
[SourceDate "2006.11.23"]
[SourceVersion "1"]
[SourceVersionDate "2006.11.23"]
[SourceQuality "1"]

1. Nf3 g6 2. d3 Bg7 3. c3 d6 4. g3 c5 5. Bg2 Nc6 6. 0-0 Nf6 7. Na3 0-0 8. Nc2 a5 9. Bd2 Ne8 10. Qc1 Nc7 11. Bh6 e5 12. Bxg7 Kxg7 13. e4 f5 14. Qd2 h6 15. Rad1 Qf6 16. Ne3 f4 17. Nc4 g5 18. Nb6 Rb8 19. Nxc8 Rbxc8 20. d4 cxd4 21. cxd4 g4 22. dxe5 dxe5 23. Qd7+ Kh8 24. Qxg4 Ne6 25. Rd6 Ncd8 26. Bh3 Rc6 27. Rxc6 bxc6 28. Qh5 Nd4 29. Nxd4 exd4 30. Qxa5 Re8 31. Qf5 Qxf5 32. Bxf5 f3 33. Rd1 c5 34. Rd3 Nf7 35. Bg6 Kg7 36. Bxf7 Kxf7 37. Rxf3+ Kg6 38. Rf4 Ra8 39. e5 Rxa2 40. e6 Rxb2 41. e7 Re2 42. Rf8 Rxe7 43. Rc8 Re1+ 44. Kg2 d3 45. Rd8 c4 46. f4 c3 47. Kf2 d2 0-1

[Event "Imperia op-A 47th"]
[Site "Imperia"]
[Date "2005.08.29"]
[Round "2"]
[White "Sarmir, Milos"]
[Black "Spatola, Davide"]
[Result "1-0"]
[WhiteElo "2154"]
[BlackElo "2102"]
[PlyCount "99"]
[EventDate "2005.08.28"]
[EventType "swiss"]
[EventRounds "9"]
[EventCountry "ITA"]
[SourceTitle "EXT 2007"]
[Source "ChessBase"]
[SourceDate "2006.11.23"]
[SourceVersion "1"]
[SourceVersionDate "2006.11.23"]
[SourceQuality "1"]

1. e4 d6 2. d4 Nf6 3. Nc3 g6 4. Bc4 c6 5. Nf3 b5 6. Bd3 Bg4 7. h3 Bxf3 8. Qxf3 Nbd7 9. e5 dxe5 10. Qxc6 b4 11. Nd5 Nxd5 12. Qxd5 e6 13. Qb7 Qc8 14. Qxc8+ Rxc8 15. dxe5 Nxe5 16. Bb5+ Nc6 17. Be3 Bg7 18. 0-0-0 0-0 19. Bc5 Rfe8 20. Rd6 Bd4 21. Rxc6 Rxc6 22. Bxc6 Rc8 23. Bxb4 Rxc6 24. Rd1 Bf6 25. b3 Rc7 26. c4 Bg5+ 27. Kc2 f5 28. Bd6 Rc6 29. Be5 a6 30. Rd6 Rc5 31. Bd4 Ra5 32. a4 Kf7 33. Rd7+ Ke8 34. Rc7 Be7 35. Bc3 Rc5 36. Rxe7+ Kxe7 37. Bb4 Kd6 38. Kc3 a5 39. Ba3 Kc6 40. f4 Kb6 41. Bxc5+ Kxc5 42. Kd3 Kc6 43. Kd4 Kd6 44. c5+ Kc6 45. Kc4 h6 46. h4 e5 47. fxe5 f4 48. e6 g5 49. hxg5 hxg5 50. Kd4 1-0

[Event "Torino Scaccomatto op"]
[Site "Torino"]
[Date "2004.??.??"]
[Round "4"]
[White "Bertagia, Roldano"]
[Black "Spatola, Davide"]
[Result "1/2-1/2"]
[WhiteElo "1930"]
[BlackElo "1835"]
[PlyCount "57"]
[EventDate "2004.12.10"]
[EventType "swiss"]
[EventRounds "7"]
[EventCountry "ITA"]
[SourceTitle "EXT 2018"]
[Source "ChessBase"]
[SourceDate "2017.10.13"]
[SourceVersion "1"]
[SourceVersionDate "2017.10.13"]
[SourceQuality "1"]

1. e4 d6 2. d4 Nf6 3. Nc3 g6 4. f4 Bg7 5. Nf3 c5 6. Be2 cxd4 7. Nxd4 0-0 8. Be3 Nc6 9. 0-0 Qa5 10. Nb3 Qd8 11. Kh1 Bd7 12. Qd2 a6 13. a4 Na5 14. Nxa5 Qxa5 15. Bf3 Rae8 16. b4 Qc7 17. Ra3 Be6 18. Nd5 Nxd5 19. exd5 Bf5 20. c3 Qc4 21. Rd1 Rc8 22. Bd4 Bxd4 23. Qxd4 Rc7 24. Qe3 Rfc8 25. h3 Bc2 26. Be2 Qe4 27. Qxe4 Bxe4 28. Rd4 f5 29. c4 1/2-1/2

[Event "Torino Scaccomatto op"]
[Site "Torino"]
[Date "2004.??.??"]
[Round "6"]
[White "Xausa, Flavio"]
[Black "Spatola, Davide"]
[Result "0-1"]
[WhiteElo "2146"]
[BlackElo "1835"]
[PlyCount "55"]
[EventDate "2004.12.10"]
[EventType "swiss"]
[EventRounds "7"]
[EventCountry "ITA"]
[SourceTitle "EXT 2018"]
[Source "ChessBase"]
[SourceDate "2017.10.13"]
[SourceVersion "1"]
[SourceVersionDate "2017.10.13"]
[SourceQuality "1"]

1. e4 d6 2. d4 Nf6 3. Nc3 g6 4. f3 Nbd7 5. Be3 Bg7 6. Qd2 0-0 7. Bh6 e5 8. Nge2 Kh8 9. Bxg7+ Kxg7 10. 0-0-0 Rb8 11. h4 h5 12. g4 hxg4 13. h5 Rh8 14. fxg4 Nxg4 15. Ng3 exd4 16. Nd5 c5 17. Bh3 Nb6 18. hxg6 Nxd5 19. exd5 Ne3 20. Bxc8 Rxh1 21. Rxh1 Rxc8 22. gxf7 Qg5 23. Rg1 Kxf7 24. Kb1 Rh8 25. Rf1+ Ke8 26. Ne4 Qe5 27. Nf6+ Ke7 28. Re1 0-1